000 00568nam a2200205Ia 4500
005 20250508151405.0
008 008 250505s9999 xx 000 0 eng d
037 _aTextual
040 _aFEDL
_beng
_cFEDL
041 _aeng
_2eng
084 _a150.195, FRE
_qFEDL
100 _aFreud Anna
245 0 _aIntroduction to psycho-analysis for teachers
260 _aLondon, UK
_bGeorge Allen and Unwin Limited
_c1931
300 _a117p.
365 _aINR
_b4
650 _aPsychology
942 _cTEXL
_h150.195, FRE
999 _c1329476
_d1329476